003610000a2200133000450024500540000065000180005465000240007265000160009665000250011204100130013770000200015010000210017077300360019110aRelationship between local and regional diversity14aBiodiversidad14aRiqueza de especies14aTaxonomía14aDensidad poblacional0 aInglés1 aSchluter, Dolph1 aCaley, M. Julian1 tEcology357h1q70-80d1997g78